banner-ar

INTERNATIONAL BUSINESS: ENVIRONMENTS, INSTITUTIONS, AND OPERATIONS (Record no. 19112)

MARC details
000 -الفاتح
حقل البيانات ثابتة الطول 00484nam a2200169Ia 4500
008 - عناصر البيانات ثابتة الطول - معلومات عامة
حقل البيانات ثابتة الطول 140319s9999 xx 000 0 eng d
040 ## - مصدر الفهرسة
وكالة الفهرسة الأصلية GCL /
وكالة النسخ GCL
082 04 - رقم تصنيف ديوى العشرى
رقم التصنيف 338.88
رقم المادة T I
245 10 - بيان العنوان
العنوان INTERNATIONAL BUSINESS: ENVIRONMENTS, INSTITUTIONS, AND OPERATIONS
260 ## - PUBLICATION, DISTRIBUTION, ETC. (IMPRINT)
تاريخ النشر أو التوزيع 1991
300 ## - الوصف المادى
التعداد 658 P
650 04 - المدخل الاضافى بالموضوع-مصطلح موضوعى
مصطلح موضوعي INTERNATIONAL BUSINESS
650 04 - المدخل الاضافى بالموضوع-مصطلح موضوعى
مصطلح موضوعي INSTITUTIONS
650 04 - المدخل الاضافى بالموضوع-مصطلح موضوعى
مصطلح موضوعي INTERNATIONAL ENVIRONMENT
942 ## - عناصر المدخل الإضافي( كوها)
مصدر التصنيف او مخطط الترفيف Dewey Decimal Classification
Koha [default] item type كتاب
260 ## - PUBLICATION, DISTRIBUTION, ETC. (IMPRINT)
-- [S.N] :
-- Macmillan Publishing Company ،
Holdings
حالة التراجع حالة الفقد حالة تلف ليس للاعارة المكان المؤقت الموقع الحالى تاريخ الاكتساب اجمالي اﻻعارات رقم الطلب الباركود تاريخ اخر مشاهدة تاريخ تفعيل السعر نوع وعاء كوها
        مكتبة القاهرة الكبرى مكتبة القاهرة الكبرى 03/26/2014   338.88\T I 36604 03/26/2014 03/26/2014 كتاب
        مكتبة القاهرة الكبرى مكتبة القاهرة الكبرى 03/26/2014   338.88\T I 36605 03/26/2014 03/26/2014 كتاب

Powered By

EGPV